Operating system concepts (EBOOK) (Record no. 196643)

000 -LEADER
fixed length control field 01342 a2200265 4500
003 - CONTROL NUMBER IDENTIFIER
control field Nust
005 - DATE AND TIME OF LATEST TRANSACTION
control field 20170207154318.0
010 ## - LIBRARY OF CONGRESS CONTROL NUMBER
LC control number 2008277110
020 ## - INTERNATIONAL STANDARD BOOK NUMBER
International Standard Book Number 9780470128725
020 ## - INTERNATIONAL STANDARD BOOK NUMBER
International Standard Book Number 9780470279939 (pbk. : alk. paper)
040 ## - CATALOGING SOURCE
Transcribing agency Nust
082 00 - DEWEY DECIMAL CLASSIFICATION NUMBER
Classification number 005.43
100 1# - MAIN ENTRY--PERSONAL NAME
Personal name Silberschatz, Abraham.
245 10 - TITLE STATEMENT
Title Operating system concepts (EBOOK)
Statement of responsibility, etc. Abraham Silberschatz, Peter Baer Galvin, Greg Gagne.
250 ## - EDITION STATEMENT
Edition statement 8th ed.
260 ## - PUBLICATION, DISTRIBUTION, ETC.
Place of publication, distribution, etc. Hoboken, NJ :
Name of publisher, distributor, etc. J. Wiley & Sons,
Date of publication, distribution, etc. c2009.
300 ## - PHYSICAL DESCRIPTION
Extent xx, 972 p. :
Other physical details ill. ;
Dimensions 26 cm.
505 ## - FORMATTED CONTENTS NOTE
Formatted contents note PART ONE: - OVERVIEW (Page-29) PART TWO: - PROCESS MANAGEMENT (Page-101) PART THREE:-PROCESS COORDINATION (Page-225) PART FOUR: - MEMORY MANAGEMENT (Page-315) PART FIVE: - STORAGE MANAGEMENT (Page-421) PART SIX:- PROTECTION AND SECURITY (Page-591) PART SEVEN:-DISTRIBUTED SYSTEMS (Page-673) PART EIGHT:- SPECIAL PURPOSE SYSTEMS (Page-759) PART NINE:- CASE STUDIES (Page-801)
650 #0 - SUBJECT ADDED ENTRY--TOPICAL TERM
Topical term or geographic name entry element Operating systems (Computers)
700 1# - ADDED ENTRY--PERSONAL NAME
Personal name Gagne, Greg.
700 1# - ADDED ENTRY--PERSONAL NAME
Personal name Galvin, Peter B.
856 42 - ELECTRONIC LOCATION AND ACCESS
Materials specified Contributor biographical information
Uniform Resource Identifier <a href="http://www.loc.gov/catdir/enhancements/fy0838/2008277110-b.html">http://www.loc.gov/catdir/enhancements/fy0838/2008277110-b.html</a>
856 42 - ELECTRONIC LOCATION AND ACCESS
Materials specified Publisher description
Uniform Resource Identifier <a href="http://www.loc.gov/catdir/enhancements/fy0838/2008277110-d.html">http://www.loc.gov/catdir/enhancements/fy0838/2008277110-d.html</a>
856 42 - ELECTRONIC LOCATION AND ACCESS
Materials specified Table of contents only
Uniform Resource Identifier <a href="http://www.loc.gov/catdir/enhancements/fy0838/2008277110-t.html">http://www.loc.gov/catdir/enhancements/fy0838/2008277110-t.html</a>
942 ## - ADDED ENTRY ELEMENTS (KOHA)
Source of classification or shelving scheme
Koha item type Book
Holdings
Withdrawn status Lost status Source of classification or shelving scheme Damaged status Not for loan Collection code Permanent Location Current Location Date acquired Total Checkouts Full call number Barcode Date last seen Price effective from Koha item type
            Military College of Signals (MCS) Military College of Signals (MCS) 12/12/2016   005.43 SIL MCSEB-2995 12/08/2016 12/12/2016 Book
© 2023 Central Library, National University of Sciences and Technology. All Rights Reserved.